Gaming Quiz

Random Gaming or Toys Quiz

Board Game Assembly: Monopoly Quiz Stats

 Plays Quiz Updated May 14, 2018

Score 0/48 Timer 08:00
27 Plays Today
% Correct
GO
89.8%
In Jail/
Just Visiting
88.2%
Chance
85.8%
Chance
85.8%
Chance
85.8%
B&O/
Fen-
church
85.3%
Boardwalk/
Mayfair
83.4%
Community
Chest
82.8%
Com-
munity
Chest
82.8%
Community
Chest
82.8%
Park Place/
Park Lane
78.2%
Free
Parking
78.1%
Go To Jail
76.3%
Scottie
76.2%
Reading/
King's
Cross
74.4%
Racecar
74.1%
Pennsyl-
vania/
Bond
72.1%
Pennsyl-
vania RR/
Marylebone
70.5%
Illinois/
Trafalgar
67%
Baltic
(White-
chapel)
66.5%
Top Hat
66.1%
Iron
66%
Water
Works
65.4%
New York/
Vine
64.2%
% Correct
Indiana/
Fleet
63.9%
Marvin
Gardens/
Piccadilly
63.7%
Ken-
tucky/
Strand
63.5%
Electric
Company
63.3%
Mediter-
ranean/
Old Kent
62.6%
Thimble
62.5%
North
Carolina/
Oxford
61%
Luxury
Tax
60.9%
Connec-
ticut/
Penton-
ville
58.7%
Vermont/
Euston
58.2%
Income
Tax
58%
Short Line/
Liverpool St.
56.7%
Battleship
56.1%
Tennessee/
Marlborough
55.3%
St. Charles/
Pall Mall
54.5%
Virginia/
Northum-
berland
53.8%
Atlantic/
Leicester
53.8%
Oriental/
Angel
Islington
53.4%
St. James/
Bow
51%
Pacific/
Regent
49.9%
Boot
48.4%
Ventnor/
Coventry
48.3%
Wheelbarrow
38.6%
States/
Whitehall
33.3%

You're not logged in!

Compare scores with friends on all Sporcle quizzes.
Join for Free
OR
Log In

You Might Also Like...

Show Comments

Extras

Top Quizzes Today


Score Distribution

Your Account Isn't Verified!

In order to create a playlist on Sporcle, you need to verify the email address you used during registration. Go to your Sporcle Settings to finish the process.

Report this User

Report this user for behavior that violates our Community Guidelines.

Details: